000 01462nam a2200373 a 4500
001 ebr10575472
003 CaPaEBR
006 m u
007 cr cn|||||||||
008 790628s1979 ne a sb 101 0 eng d
010 _z 79017286
020 _z0444900950 (Elsevier/North-Holland)
020 _z9021940752 (Excerpta Medica)
020 _z9780470663806
020 _z9780470718209 (e-book)
040 _aCaPaEBR
_cCaPaEBR
035 _a(OCoLC)606511016
050 1 4 _aQP376
_b.S878 1978eb
082 0 4 _a152
_222
111 2 _aSymposium on Brain and Mind
_d(1978 :
_cCiba Foundation)
245 1 0 _aBrain and mind
_h[electronic resource].
260 _aAmsterdam :
_bExcerpta Medica ;
_aNew York :
_bElsevier/North-Holland,
_c1979.
300 _aix, 425 p. :
_bill.
490 1 _aCiba Foundation symposium ;
_v69 (new ser.)
504 _aIncludes bibliographical references and indexes.
533 _aElectronic reproduction.
_bPalo Alto, Calif. :
_cebrary,
_d2011.
_nAvailable via World Wide Web.
_nAccess may be limited to ebrary affiliated libraries.
650 0 _aBrain
_vCongresses.
650 0 _aMind and body
_vCongresses.
650 0 _aNeuropsychology
_vCongresses.
655 7 _aElectronic books.
_2local
710 2 _aebrary, Inc.
830 0 _aCiba Foundation symposium ;
_vnew ser. 69.
856 4 0 _uhttp://site.ebrary.com/lib/rucke/Doc?id=10575472
_zAn electronic book accessible through the World Wide Web; click to view
999 _c181637
_d181637